00992cam a2200229 i 450000100060000000300080000600500170001400800410003103500200007204000320009204100080012408200210013210000420015324502610019526000340045630000260049050000670051665000450058365000540062865000400068265000400072232194BD-RjUL20211209051812.0140424s1913 nyu 000 0 eng d a(BD-RjUL) 32283 aDLCcDLCdDLCdBD-RjULbeng aeng00a295.82bMIO 19131 aMills, Lawrence Heyworth,d1837-1918.10aOur own religion in ancient Persia :bbeing lectures delivered in Oxford presenting the Zend Avesta as collated with the pre-Christian exilic pharisaism, advancing the Persian question to the foremost position in our Biblical research /cby Lawrence Mills. aNew York :bAMS Press,c1913. axii, 193 p. ;c23 cm. aReprint of the 1913 ed. published by F. A. Brockhaus, Leipzig. 0aZoroastrianismxRelationsxChristianity. 0aChristianity and other religionsxZoroastrianism. 0aJudaismxRelationsxZoroastrianism. 0aZoroastrianismxRelationsxJudaism.